000 00758nam a2200181 i 4500
001 153674
003 ES-MaACL
005 20251012191905.0
008 940202s1868 sp |||| | spa d
040 _aCAM
_bspa
100 0 _aErckmann-Chatrian.
_947367
245 1 0 _aHistoria de un quinto de 1813 /
_cErckmann-Chatrian ; traducción de E. Zamora y Caballero.
260 _aMadrid :
_bLib. de Alfonso Durán,
_c1868 (
_fImp. de T. Fortanet)
300 _a276 p. ;
_c19 cm.
700 1 _aZamora y Caballero, Eduardo,
_d1835-1899
_9134014
852 _aES-MaACL
_jG-10915(2)
_z-- Enc. tela
_x-- Edic: Sólo la primera obra (276 p.) -- T100: El nombre del autor es Erckmann-Chatrian, Émile -- T700: Zamora y Caballero, E.; trad.
999 _c153674
_d153674